00933nam a22002535a 450000500170000000800410001702000180005804000380007608200190011410000230013324501000015626000330025630000360028950000250032550400410035065000290039165000250042065100100044565300250045570000190048094200080049999900170050795201550052420201128024045.0161207t2013 ii a afrb 001 0 eng d a9788126542017 aEG-ScBUEbengcEG-ScBUEdEG-ScBUE04222a620.5bRAO1 aRamachandra, M. S.10aNanoscience and nanotechnology :bfundamentals to frontiers /cM. S. Ramachandra, Shubra Singh. aNew Delhi :bWiley,cc.2013. axviii, 370 p. :bill. ;c24 cm. aIndex : p. 365-370.  aIncludes bibliographical references. 72BUEsh95555aNanoscience 79519aNanotechnology. 2BUEsh bENGGENcDecember20161 aSingh, Shubra. 2ddc c23491d23463 00102ddc40708AlahramaMAINbMAINc1STd2016-12-07ePurchaseg178.00h116l1m19o620.5 RAOp000040323r2025-07-15 00:00:00s2019-10-03v222.50yBB